ŠESŤDESIAT ROKOV RÁDIOLOKÁCIE

Podrobná bibliografia
Hlavní autori: Ochodnický, Ján (Autor), Matoušek, Zdeněk (Autor), Cibira, Gabriel, 1964- (Autor)
Médium: Článok
Jazyk:slovenčina

MARC

LEADER 00000nab a2200000 a 4500
001 vtls011133249
003 SK-MaSNL
005 20260303150942.0
008 230222|1995 xo |||||||||||||||||slo|
015 |a SNBRB 
035 |a (uuid)ca05e2d3-61fe-4cd0-9bf0-f2d158e47f8b 
035 |a (urnnbn)urn:nbn:sk:snk:ar-a09ng3 
035 |a urn:nbn:sk:snk-abab05 
040 |a SNKBUCL  |b slo  |c SNKBUCL  |e AACR2 
041 0 |a slo 
044 |a xo  |c SK 
100 1 |a Ochodnický, Ján  |4 aut  |9 319415 
245 1 0 |a ŠESŤDESIAT ROKOV RÁDIOLOKÁCIE  |c Ján Ochodnický, Zdeněk Matoušek, Gabriel Cibira 
700 1 |a Matoušek, Zdeněk  |4 aut  |9 431172 
700 1 |a Cibira, Gabriel,  |d 1964-  |4 aut  |9 217905 
773 0 |t Zborník Vojenskej akadémie Slovenského národného povstania  |g Roč. 2, č. 3 (1995), s. 37-46 
954 |a odborná, vedecká literatúra pôvodná (slovenská)  |2 lita 
958 |a OND 
958 |a EUIPO 
958 |a article13 
999 |c 2014797  |d 2016727